=LDR 00000nam 2200000 4500 =001 NUTBA000000000004731 =005 20250425102714 =035 ##$$a 0010-091400000000764 =008 250425################g##########0#ind## =040 ##$$a NBPDMAT =082 ##$$a 540.1 =090 ##$$a 540 $b Nan a =100 ##$$a Nana Sutresna =245 1#$$a Chemistry 2 A : $b Advanced learning for grade XI senior high school /$c Nana Sutresna; editor, Astri Putri Perdana =260 ##$$a Bandung :$b Grafindo Media Pratama,$c 2011 =300 ##$$a xiv, 218 hlm. : $b ilus. ; $c 26x19 cm. =650 #4$$a Kimia-SMA =020 ##$$a 978-802-00-1439-5 =084 ##$$a 540.1 NAN c =250 ##$$a Jil.38 =700 #$$a Astri Putri Perdana =990 ##$$a 0001/BPAP-NTB/20142014 =990 ##$$a 21410762 =990 ##$$a 21410764 =990 ##$$a 21410765 =990 ##$$a 21410766 =990 ##$$a 21410762 =990 ##$$a 0001/BPAP-NTB/20142014 =990 ##$$a 21410764 =990 ##$$a 21410765 =990 ##$$a 21410766 =990 ##$$a 21410763 =990 ##$$a 21410762 =990 ##$$a 21410764 =990 ##$$a 21410765 =990 ##$$a 21410766 =990 ##$$a 21410764 =990 ##$$a 21410763 =990 ##$$a 21410762 =990 ##$$a 21410765 =990 ##$$a 21410766 =990 ##$$a 21410765 =990 ##$$a 21410763 =990 ##$$a 21410762 =990 ##$$a 21410764 =990 ##$$a 21410766 =990 ##$$a 21410766 =990 ##$$a 21410763 =990 ##$$a 21410762 =990 ##$$a 21410764 =990 ##$$a 21410765